| 000 | 00333nam a22001337a 4500 | ||
|---|---|---|---|
| 008 | 171208b xxu||||| |||| 00| 0 eng d | ||
| 020 | _a471159808 | ||
| 041 | _aeng | ||
| 080 | _a621 | ||
| 100 | _a27 | ||
| 101 | _aINXH | ||
| 245 |
_aPROBABILITY AND RANDOM PROCESSES FOR ENGINEERS AND SCIENTISTS _cCLARKE & DISNEY |
||
| 942 |
_2udc _cBK |
||
| 999 |
_c38841 _d38841 |
||